000 01651nam a22003017a 4500
001 000784
003 DO-SdBNP
005 20180118110031.0
007 000784
008 161115b 2011 mx 00| 0 spa d
020 _a9789870404422
040 _aBPMSU
_bspa
_cBPMSU
100 1 _aCarlos Schlaen
245 _aEl caso del futbolista enmascarado /
_cCarlos Schlaen ;
250 _a2a. ed. 7a. reimmpresión
260 _aMéxico :
_bEdiciones Alfaguara,
_c2011.
300 _a115 p. :
_bils. ;
_c21 cm.
490 1 _aAlfaguara infantil
500 _3A pesar de las impresionantes medidas de seguridad que protegen la mansión de un industrialista, algo ha sido robado del cajón de su escritorio. Nadie puede explicar cómo esto podría suceder, pero la confusión crece cuando la policía anuncia que el único sospechoso es un jugador de fútbol famoso. Nico, llamado inesperadamente a defenderlo, descubrirá que no será un trabajo sencillo.
500 _3 Incluye datos biográficos del autor
520 _2A pesar de las impresionantes medidas de seguridad que protegen la mansión de un industrialista, algo ha sido robado del cajón de su escritorio. Nadie puede explicar cómo esto podría suceder, pero la confusión crece cuando la policía anuncia que el único sospechoso es un jugador de fútbol famoso. Nico, llamado inesperadamente a defenderlo, descubrirá que no será un trabajo sencillo.
650 _aCUENTOS JUVENILES ARGENTINOS
650 _a LITERATURA JUVENIL ARGENTINA
830 0 _aAlfaguara infantil
942 _2ddc
_cBK
945 _aInventariado, 2018/LP
956 _aVMATEO
_b10
_c20161115
_dBPMSU
_f0069
999 _c11964
_d11964